Educación para la vida nacional /

Guardado en:
Autor Principal: Reissig, Luis.
Formato: Libro
Idioma:Undetermined
Publicado: Buenos Aires : [s.n], 1945.
Materias:
Etiquetas: Agregar Etiqueta
Sin Etiquetas, Sea el primero en etiquetar este registro!
LEADER 00475nam a22001575a 4500
001 EHU.bham047340
005 20110907085943.0
008 110621s1945####ag############000#0#und#d
100 1 |a Reissig, Luis. 
245 0 0 |a Educación para la vida nacional /  |c Luis Reissig. 
260 |a Buenos Aires :  |b [s.n],  |c 1945. 
300 |a 21 p. 
653 |a Educación 
653 |a Nacionalismo. 
653 |a Ideal educativo. 
859 |a AR-BHAM  |b BIB. HUMANIDADES - Donacion Lejarraga  |h MFN001559  |p 001559.19